Premier League Factfile: 2020/21 - Statistics

General Stats
  • This quiz has been taken 69 times
  • The average score is 41 of 120
Answer Stats
Answer % Correct
Arsenal
90%
Manchester City
88%
Manchester United
88%
Liverpool
86%
Chelsea
82%
Brighton
76%
Mikel Arteta
76%
Tottenham Hotspur
76%
Aston Villa
75%
Pep Guardiola
73%
Wolverhampton Wanderers
73%
Burnley
71%
Everton
71%
Fulham
71%
Crystal Palace
69%
Jürgen Klopp
69%
Newcastle
69%
West Ham United
69%
Leicester City
67%
Southampton
67%
Emirates Stadium
65%
Fly Emirates
65%
Harry Maguire
61%
Old Trafford
61%
Jordan Henderson
59%
Leeds United
57%
Ole Gunnar Solskjær
57%
West Bromwich Albion
57%
Etihad Airways
55%
Etihad Stadium
55%
Frank Lampard
53%
Anfield
49%
Pierre-Emerick Aubameyang
49%
Sheffield United
47%
Stamford Bridge
47%
Brendan Rodgers
45%
César Azpilicueta
45%
José Mourinho
45%
Sean Dyche
45%
Carlo Ancelotti
43%
David Moyes
43%
Graham Potter
41%
Roy Hodgson
41%
Goodison Park
39%
Hugo Lloris
39%
Jack Grealish
37%
Nuno Espirito Santo
37%
London Stadium
35%
Fabio Silva
33%
Fernandinho
33%
King Power Stadium
33%
Marcelo Bielsa
33%
St. James' Park
33%
Turf Moor
33%
Villa Park
33%
Craven Cottage
31%
Steve Bruce
31%
Rúben Dias
29%
Seamus Coleman
29%
Three
29%
American Express
27%
Amex Stadium
27%
Chevrolet
27%
Conor Coady
27%
Dean Smith
27%
Molineux Stadium
27%
St. Mary's Stadium
27%
Tottenham Hotspur Stadium
27%
Wes Morgan
27%
Ben Mee
25%
Elland Road
25%
James Ward-Prowse
25%
Kai Havertz
25%
Lewis Dunk
25%
Mark Noble
25%
Selhurst Park
25%
Scott Parker
24%
AIA
22%
Chris Wilder
20%
Jamaal Lascelles
20%
Ralph Hasenhüttl
20%
Standard Chartered
20%
Diogo Jota
18%
Donny van de Beek
18%
Thomas Partey
16%
Eberechi Eze
14%
Liam Cooper
14%
Luka Milivojevic
14%
Slaven Bilic
14%
The Hawthorns
14%
Bramall Lane
12%
Cazoo
12%
Ollie Watkins
12%
Rodrigo
10%
Betway
8%
Billy Sharp
8%
Dale Stephens
8%
Fun88
8%
Rhian Brewster
8%
Sergio Reguilon
8%
Thailand Smiles With You
8%
Tomas Soucek
8%
Wesley Fofana
8%
Tom Cairney
6%
W88
6%
Andi Zeqiri
4%
Callum Wilson
4%
Jake Livermore
4%
Kyle Walker-Peters
4%
Anthony Knockaert
2%
Ben Godfrey
2%
BetVictor
2%
Grady Diangana
2%
Ideal Boilers
2%
LoveBet
2%
ManBetX
2%
SBOTOP
2%
Sportsbet.io
2%
USG
2%
No matching quizzes found
Score Distribution
Percent of People with Each Score
Percentile by Number Answered
Your Score History
You have not taken this quiz